| 000 | 00548nam a22002057a 4500 | ||
|---|---|---|---|
| 003 | OSt | ||
| 005 | 20140310183050.0 | ||
| 008 | 130227t xxu||||| |||| 00| 0 eng d | ||
| 020 | _a9789719219088 | ||
| 050 |
_aJC 251 _b.Az997 2007 |
||
| 082 |
_aFIL 610 .Az997 2007 _b.Az997 2007 |
||
| 245 |
_aStationary bandits _bessays on political power _cAzurin, Rene B. |
||
| 260 |
_bPlaypus Pub. _c2007 |
||
| 300 |
_a247 p. _c20 cm. |
||
| 521 | _aCollege Students | ||
| 526 | _c1210L-1700L | ||
| 541 | _j1 | ||
| 562 | _e1 | ||
| 942 |
_2lcc _cBK _kFIL |
||
| 999 |
_c18636 _d18636 |
||